000 00550nam a22001937a 4500
003 KOHA_MİRAKIL
005 20251224122344.0
008 251224b tu ||||| |||| 00| 0 tur d
020 _a9786051963204
040 _aTR-AnABB
_btur
_cTR-AnABB
041 _atur
082 _a303.372
_bSOS 2019
100 1 _aÇakır, Mehmet,
245 1 0 _aSosyal adalet kuramında güncel tartışmalar /
_cMehmet Çakır
260 _aAnkara :
_bÇizgi Kitabevi,
_c2019
300 _a312 sayfa ;
_c22 cm
650 0 4 _aSosyal adalet
942 _2ddc
_cBK
999 _c9906
_d9906
900 _bGizem YORULMAZ